| 000 | 00446nam a22001817a 4500 | ||
|---|---|---|---|
| 003 | MPLRDC | ||
| 005 | 20220104124243.0 | ||
| 008 | 210129b ||||| |||| 00| 0 eng d | ||
| 020 | _a7-5060-0290-6 | ||
| 082 | _a785.21 HAY | ||
| 100 | _aPETER HEY | ||
| 245 |
_a美国第一夫人外传 _c侯文蕙 译 |
||
| 250 | _a一版一刷 | ||
| 260 |
_a _b东方出版社 _c1993 |
||
| 300 | _b平 | ||
| 650 | _a美国传记 | ||
| 942 |
_cBK _o785.21 HAY |
||
| 999 |
_c17855 _d17845 |
||